Africa from the Twelfth to the Sixteenth Century / (Record no. 750)

MARC details
000 -LEADER
fixed length control field 01559cam a2200373 a 4500
001 - CONTROL NUMBER
control field 189447
003 - CONTROL NUMBER IDENTIFIER
control field OSt
005 - DATE AND TIME OF LATEST TRANSACTION
control field 20230607074615.0
008 - FIXED-LENGTH DATA ELEMENTS--GENERAL INFORMATION
fixed length control field 981215s1997 enkab b s001 0 eng
010 ## - LIBRARY OF CONGRESS CONTROL NUMBER
LC control number 98231560
020 ## - INTERNATIONAL STANDARD BOOK NUMBER
International Standard Book Number 0520066995 (UC Press)
020 ## - INTERNATIONAL STANDARD BOOK NUMBER
International Standard Book Number 0852550944 (J. Currey)
020 ## - INTERNATIONAL STANDARD BOOK NUMBER
International Standard Book Number 9231024965 (UNESCO)
040 ## - CATALOGING SOURCE
Original cataloging agency DLC
Transcribing agency DLC
Modifying agency DLC
043 ## - GEOGRAPHIC AREA CODE
Geographic area code f------
050 00 - LIBRARY OF CONGRESS CALL NUMBER
Classification number DT20
Item number .G452 1990 vol. 4
Classification number DT25
082 ## - DEWEY DECIMAL CLASSIFICATION NUMBER
Classification number 960
Item number ZER
245 00 - TITLE STATEMENT
Title Africa from the Twelfth to the Sixteenth Century /
Statement of responsibility, etc. editors, Joseph Ki-Zerbo and Djibril Tamsir Niane.
250 ## - EDITION STATEMENT
Edition statement Abridged ed.
260 ## - PUBLICATION, DISTRIBUTION, ETC. (IMPRINT)
Place of publication, distribution, etc. Oxford :
Name of publisher, distributor, etc. J. Currey ;
Place of publication, distribution, etc. Berkeley :
Name of publisher, distributor, etc. University of California Press,
Date of publication, distribution, etc. 1997.
300 ## - PHYSICAL DESCRIPTION
Extent xxii, 294 p. :
Other physical details ill., maps ;
Dimensions 24 cm.
490 1# - SERIES STATEMENT
Series statement General history of Africa ;
Volume/sequential designation 4
500 ## - GENERAL NOTE
General note At head of title: International Scientific Committee for the Drafting of a General History of Africa (UNESCO).
504 ## - BIBLIOGRAPHY, ETC. NOTE
Bibliography, etc Includes bibliographical references (p. 267-276) and index.
651 #0 - SUBJECT ADDED ENTRY--GEOGRAPHIC NAME
Geographic name Africa
General subdivision History
Chronological subdivision To 1884.
700 1# - ADDED ENTRY--PERSONAL NAME
Personal name Niane, Djibril Tamsir.
700 2# - ADDED ENTRY--PERSONAL NAME
Personal name Ki-Zerbo, Joseph.
710 2# - ADDED ENTRY--CORPORATE NAME
Corporate name or jurisdiction name as entry element Unesco.
Subordinate unit International Scientific Committee for the Drafting of a General History of Africa.
830 #0 - SERIES ADDED ENTRY--UNIFORM TITLE
Uniform title General history of Africa (Abridged ed.) ;
Volume number/sequential designation 4.
856 42 - ELECTRONIC LOCATION AND ACCESS
Materials specified Publisher description
Uniform Resource Identifier <a href="http://www.loc.gov/catdir/description/ucal041/98231560.html">http://www.loc.gov/catdir/description/ucal041/98231560.html</a>
906 ## - LOCAL DATA ELEMENT F, LDF (RLIN)
a 7
b cbc
c orignew
d 2
e ncip
f 19
g y-gencatlg
942 ## - ADDED ENTRY ELEMENTS (KOHA)
Source of classification or shelving scheme Dewey Decimal Classification
Koha item type Books
Holdings
Withdrawn status Lost status Source of classification or shelving scheme Damaged status Not for loan Home library Current library Date acquired Total Checkouts Full call number Barcode Date last seen Price effective from Koha item type
    Dewey Decimal Classification     Bunge Tower Library Bunge Tower Library 06/07/2023   960 ZER 10014302 06/07/2023 06/07/2023 Books
    Dewey Decimal Classification     Bunge Tower Library Bunge Tower Library 06/07/2023   960 ZER 10014483 06/07/2023 06/07/2023 Books
    Dewey Decimal Classification     Bunge Tower Library Bunge Tower Library 06/07/2023   960 ZER 10014301 06/07/2023 06/07/2023 Books
    Dewey Decimal Classification     Bunge Tower Library Bunge Tower Library 06/07/2023   960 ZER 10014484 06/07/2023 06/07/2023 Books
LIBRARY OPENING HOURS

When the Parliament is sitting: 8.00a.m - 7.00p.m or until the house adjourns
Mondays and Fridays and when the House is on Recess:  8.00a.m - 5.00p.m
Closed on Weekends and Public Holidays

Online Public Access Catalog (OPAC)
Website: http://www.parliament.go.ke
Bunge Library: https://libraryir.parliament.go.ke
Contact: library@parliament.go.ke | Tel no: (254-2)2221291 or 2848000 Ext 5043